| 000 | 01477nam0a2200349 4500 | ||
|---|---|---|---|
| 001 | RU\NLR\BIBL_A\011119775 | ||
| 005 | 20260409070102.0 | ||
| 010 |
_a978-5-91304-392-4 _9400 |
||
| 021 |
_aRU _b2016-603и _952и |
||
| 035 | _a(NLR Aleph) 011119775 | ||
| 035 | _a(NILC)RuMoRGB-008290238 | ||
| 090 |
_a11514205 _c11514205 |
||
| 100 | _a20160506d2016 u y0rusy50 ca | ||
| 101 | 0 | _arus | |
| 102 | _aRU | ||
| 105 | _aa|||z|||000yy | ||
| 200 | 1 |
_aКалейдоскоп исчезнувших миров _fМ.С. Архангельский, А.В. Иванов |
|
| 210 |
_aМосква _cУниверситетская книга _d2016 |
||
| 215 |
_a218, [1] с. _cцв. ил. _d31 |
||
| 300 | _aНа обл. авт. не указаны | ||
| 606 |
_aЭволюция (биол.) _jПопулярные издания _91142724 _3RU\NLR\AUTH\66136599 |
||
| 675 | _a56 | ||
| 686 | 1 | _aЕ02я9 | |
| 700 | 1 |
_7ca _8rus _aАрхангельский _bМ. С. _cканд. геол.-минерал. наук _f1971- _gМаксим Саввич _9105295 _3RU\NLR\AUTH\77122370 |
|
| 701 | 1 |
_7ca _8rus _aИванов _bА. В. _cканд. геол.-минерал. наук, палеонтология _f1974- _gАлексей Викторович _910428 _3RU\NLR\AUTH\7727394 |
|
| 801 | 0 |
_aRU _bРГБ _c20160415 _gRCR |
|
| 801 | 2 |
_aRU _bРГБ _c20160421 _grcr |
|
| 942 | _cBOOK | ||
| 980 | _aNBR | ||
| 980 | _aNB | ||